| 000 | 00596nam a22001697a 4500 | ||
|---|---|---|---|
| 020 | _qHard Cover. | ||
| 082 | _a200 | ||
| 100 | _aMirza. Akbar | ||
| 245 |
_aMHD BOUNDARY LAYER FLOW AND HEAT TRANSFER OVER A FLAT PLATE: INTEGRAL APPROACH / _cAkbar Mirza. |
||
| 260 |
_aKarachi : _bPNEC - NUST, _c2013. |
||
| 300 |
_axiii, 91 p. : ill. ; _c30cm. |
||
| 650 |
_aMS-. Electrical Engineering _923567 |
||
| 700 |
_aSupervisor: Dr. Waqar A Khan. _9127285 |
||
| 856 | _u http://10.250.8.41:8080/xmlui/handle/123456789/22254 | ||
| 942 |
_2ddc _cSC |
||
| 999 |
_c535409 _d535409 |
||